Từ những cải cách của Gs.Ts. Đặng Đình Áng ở Đại học Sài Gòn nghĩ về giáo dục ngày nay /

Tallennettuna:
Bibliografiset tiedot
Päätekijä: Nguyễn Mộng Giao.
Aineistotyyppi: Artikkeli
Kieli:Vietnamese
Tagit: Lisää tagi
Ei tageja, Lisää ensimmäinen tagi!
Thư viện lưu trữ: Thư viện Trường Đại học Đà Lạt
LEADER 00797nam a2200241 4500
001 DLU120143775
005 ##20121113
040 # # |a DLU  |b vie 
041 # # |a vie 
044 # # |a vn 
100 # # |a Nguyễn Mộng Giao. 
245 # # |a Từ những cải cách của Gs.Ts. Đặng Đình Áng ở Đại học Sài Gòn nghĩ về giáo dục ngày nay /  |c Nguyễn Mộng Giao. 
773 # # |t Kỷ yếu mừng GS.TS. Đặng Đình Ánh thượng thọ 80. Trong ngần bóng gương,   |g  2006, tr. 67-70 
920 # # |a Phòng Tạp chí -- Trung tâm Thông tin - Thư viện Trường Đại học Đà Lạt 
994 # # |a DLU 
900 # # |a True 
911 # # |a Nguyễn Thị Mai Anh 
925 # # |a G 
926 # # |a A 
927 # # |a BB 
980 # # |a Thư viện Trường Đại học Đà Lạt